Robin Hood, prince of thieves / (Record no. 284072)
[ view plain ]
| 000 -LEADER | |
|---|---|
| fixed length control field | 04186cgm a2200865Ii 4500 |
| 001 - CONTROL NUMBER | |
| control field | ocn692682350 |
| 003 - CONTROL NUMBER IDENTIFIER | |
| control field | OCoLC |
| 005 - DATE AND TIME OF LATEST TRANSACTION | |
| control field | 20200320192542.0 |
| 007 - PHYSICAL DESCRIPTION FIXED FIELD--GENERAL INFORMATION | |
| fixed length control field | vd cvaizq |
| 008 - FIXED-LENGTH DATA ELEMENTS--GENERAL INFORMATION | |
| fixed length control field | 101215p20101991cau143 g vleng d |
| 020 ## - INTERNATIONAL STANDARD BOOK NUMBER | |
| International Standard Book Number | 1419892592 |
| 020 ## - INTERNATIONAL STANDARD BOOK NUMBER | |
| International Standard Book Number | 9781419892592 |
| 020 ## - INTERNATIONAL STANDARD BOOK NUMBER | |
| Terms of availability | 15.95 |
| 024 1# - OTHER STANDARD IDENTIFIER | |
| Standard number or code | 883929102495 |
| 024 7# - OTHER STANDARD IDENTIFIER | |
| Standard number or code | 00883929102495 |
| Source of number or code | gtin-14 |
| 028 42 - PUBLISHER NUMBER | |
| Publisher number | 1000117087 |
| Source | Warner Home Video |
| 028 40 - PUBLISHER NUMBER | |
| Publisher number | 1000117087A |
| Source | Warner Home Video |
| 028 40 - PUBLISHER NUMBER | |
| Publisher number | 1000117087B |
| Source | Warner Home Video |
| 028 42 - PUBLISHER NUMBER | |
| Publisher number | 3000027893 |
| 035 ## - SYSTEM CONTROL NUMBER | |
| System control number | (OCoLC)692682350 |
| 040 ## - CATALOGING SOURCE | |
| Original cataloging agency | NjBwBT |
| Language of cataloging | eng |
| Description conventions | rda |
| Transcribing agency | IUK |
| Modifying agency | IUK |
| -- | OCLCQ |
| -- | ZGV |
| -- | BDX |
| -- | OCLCF |
| -- | OCLCO |
| -- | OSU |
| -- | WACOL |
| 041 1# - LANGUAGE CODE | |
| Language code of text/sound track or separate title | eng |
| -- | fre |
| -- | eng |
| -- | fre |
| -- | spa |
| 049 ## - LOCAL HOLDINGS (OCLC) | |
| Holding library | WACL |
| 050 14 - LIBRARY OF CONGRESS CALL NUMBER | |
| Classification number | PN1997 |
| Item number | .R635 2010 |
| 082 04 - DEWEY DECIMAL CLASSIFICATION NUMBER | |
| Classification number | 791.43/72 |
| Edition number | 22 |
| 092 ## - LOCALLY ASSIGNED DEWEY CALL NUMBER (OCLC) | |
| Classification number | DVD |
| Item number | Rob |
| 245 00 - TITLE STATEMENT | |
| Title | Robin Hood, prince of thieves / |
| Statement of responsibility, etc | A James G. Robinson presentation ; A Morgan Creek Productions ; produced by John Watson, Pen Densham, Richard B. Lewis ; directed by Kevin Reynolds ; screenplay by Pen Densham, John Watson. |
| 246 30 - VARYING FORM OF TITLE | |
| Title proper/short title | Prince of thieves |
| 246 1# - VARYING FORM OF TITLE | |
| Display text | Title on container: |
| Title proper/short title | Kevin Costner is Robin Hood, prince of thieves |
| 250 ## - EDITION STATEMENT | |
| Edition statement | Anamorphic widescreen. |
| 264 #2 - Production, Publication, Distribution, Manufacture, and Copyright Notice. | |
| Place of production, publication, distribution, manufacture | Burbank, CA : |
| Name of producer, publisher, distributor, manufacturer | Distributed by Warner Home Video, |
| Date of production, publication, distribution, manufacture, or copyr | 2010. |
| 300 ## - PHYSICAL DESCRIPTION | |
| Extent | 1 videodisc (143 min.) : |
| Other physical details | sound, color ; |
| Dimensions | 4 3/4 in |
| 336 ## - Content Type | |
| Content type term | two-dimensional moving image |
| 337 ## - Media type | |
| Media type term | video |
| 338 ## - Carrier type | |
| Carrier type term | videodisc |
| 538 ## - SYSTEM DETAILS NOTE | |
| System details note | DVD format; Dolby digital 5.1 surround. |
| 546 ## - LANGUAGE NOTE | |
| Language note | In English or French with optional English, French, or Spanish subtitles. |
| 546 ## - LANGUAGE NOTE | |
| Language note | Closed-captioned. |
| 511 1# - PARTICIPANT OR PERFORMER NOTE | |
| Participant or performer note | Kevin Costner, Morgan Freeman, Mary Elizabeth Mastrantonio, Christian Slater, Alan Rickman. |
| 508 ## - CREATION/PRODUCTION CREDITS NOTE | |
| Creation/production credits note | Director of photography, Doug Milsome ; production designer, John Graysmark ; editor, Peter Boyle ; music, Michael Kamen ; co-producer, Michael J. Kagan ; executive producers, James G. Robinson, David Nicksay, Gary Barber ; story, Pen Densham. |
| 500 ## - GENERAL NOTE | |
| General note | Originally released as a motion picture in 1991. |
| 500 ## - GENERAL NOTE | |
| General note | Features: production notes, theatrical trailers. |
| 521 8# - TARGET AUDIENCE NOTE | |
| Target audience note | MPAA rating: PG-13. |
| 540 ## - TERMS GOVERNING USE AND REPRODUCTION NOTE | |
| Terms governing use and reproduction | For private home use only. |
| 520 ## - SUMMARY, ETC. | |
| Summary, etc | After returning home from the crusades and finding his home gone and the people of Sherwood oppressed by the evil Sheriff of Nottingham, Robin fights for the good of all men and the love of one woman. |
| 650 #0 - SUBJECT ADDED ENTRY--TOPICAL TERM | |
| Topical term or geographic name as entry element | Robin Hood (Legendary character) |
| Form subdivision | Drama. |
| 9 (RLIN) | 5889755 |
| 650 #0 - SUBJECT ADDED ENTRY--TOPICAL TERM | |
| Topical term or geographic name as entry element | Sheriff of Nottingham (Legendary character) |
| Form subdivision | Drama. |
| 9 (RLIN) | 5889756 |
| 650 #7 - SUBJECT ADDED ENTRY--TOPICAL TERM | |
| Topical term or geographic name as entry element | Robin Hood (Legendary character) |
| Source of heading or term | fast |
| -- | (OCoLC)fst01098963 |
| 9 (RLIN) | 5889757 |
| 650 #7 - SUBJECT ADDED ENTRY--TOPICAL TERM | |
| Topical term or geographic name as entry element | Sheriff of Nottingham (Legendary character) |
| Source of heading or term | fast |
| -- | (OCoLC)fst01115836 |
| 9 (RLIN) | 5812473 |
| 655 #7 - INDEX TERM--GENRE/FORM | |
| Genre/form data or focus term | Action and adventure films. |
| Source of term | lcgft |
| 9 (RLIN) | 5674017 |
| 655 #7 - INDEX TERM--GENRE/FORM | |
| Genre/form data or focus term | Romance films. |
| Source of term | lcgft |
| 9 (RLIN) | 5675183 |
| 655 #7 - INDEX TERM--GENRE/FORM | |
| Genre/form data or focus term | Video recordings for the hearing impaired. |
| Source of term | lcgft |
| 9 (RLIN) | 5889758 |
| 655 #7 - INDEX TERM--GENRE/FORM | |
| Genre/form data or focus term | Fiction films. |
| Source of term | lcgft |
| 9 (RLIN) | 5674705 |
| 655 #7 - INDEX TERM--GENRE/FORM | |
| Genre/form data or focus term | Feature films. |
| Source of term | lcgft |
| 9 (RLIN) | 5889759 |
| 655 #7 - INDEX TERM--GENRE/FORM | |
| Genre/form data or focus term | Drama. |
| Source of term | fast |
| -- | (OCoLC)fst01423879 |
| 9 (RLIN) | 5673873 |
| 700 1# - ADDED ENTRY--PERSONAL NAME | |
| Personal name | Robinson, James G., |
| Dates associated with a name | 1934- |
| Relator term | presenter. |
| 9 (RLIN) | 74150 |
| 700 1# - ADDED ENTRY--PERSONAL NAME | |
| Personal name | Watson, John, |
| Relator term | film producer, |
| -- | screenwriter. |
| 9 (RLIN) | 28085 |
| 700 1# - ADDED ENTRY--PERSONAL NAME | |
| Personal name | Densham, Pen, |
| Relator term | film producer, |
| -- | screenwriter. |
| 9 (RLIN) | 36135 |
| 700 1# - ADDED ENTRY--PERSONAL NAME | |
| Personal name | Lewis, Richard B., |
| Relator term | film producer. |
| 9 (RLIN) | 68720 |
| 700 1# - ADDED ENTRY--PERSONAL NAME | |
| Personal name | Reynolds, Kevin, |
| Dates associated with a name | 1952- |
| Relator term | film director. |
| 9 (RLIN) | 40630 |
| 700 1# - ADDED ENTRY--PERSONAL NAME | |
| Personal name | Costner, Kevin, |
| Relator term | actor. |
| 9 (RLIN) | 26001 |
| 700 1# - ADDED ENTRY--PERSONAL NAME | |
| Personal name | Freeman, Morgan, |
| Relator term | actor. |
| 9 (RLIN) | 59622 |
| 700 1# - ADDED ENTRY--PERSONAL NAME | |
| Personal name | Slater, Christian, |
| Relator term | actor. |
| 9 (RLIN) | 17964 |
| 700 1# - ADDED ENTRY--PERSONAL NAME | |
| Personal name | Mastrantonio, Mary Elizabeth, |
| Relator term | actor. |
| 9 (RLIN) | 62345 |
| 700 1# - ADDED ENTRY--PERSONAL NAME | |
| Personal name | Milsome, Doug, |
| Relator term | director of photography. |
| 9 (RLIN) | 5889760 |
| 700 1# - ADDED ENTRY--PERSONAL NAME | |
| Personal name | Graysmark, John, |
| Relator term | production designer. |
| 9 (RLIN) | 5889761 |
| 700 1# - ADDED ENTRY--PERSONAL NAME | |
| Personal name | Boyle, Peter, |
| Relator term | editor of moving image work. |
| 9 (RLIN) | 5889762 |
| 700 1# - ADDED ENTRY--PERSONAL NAME | |
| Personal name | Kamen, Michael, |
| Relator term | composer (expression) |
| 9 (RLIN) | 37105 |
| 710 2# - ADDED ENTRY--CORPORATE NAME | |
| Corporate name or jurisdiction name as entry element | Morgan Creek Productions, |
| Relator term | production company. |
| 9 (RLIN) | 62039 |
| 938 ## - | |
| -- | Brodart |
| -- | BROD |
| -- | 11159197 |
| -- | $19.98 |
| 942 ## - ADDED ENTRY ELEMENTS (KOHA) | |
| Koha item type | DVD |
| 948 ## - LOCAL PROCESSING INFORMATION (OCLC); SERIES PART DESIGNATOR (RLIN) | |
| Series part designator, SPT (RLIN) | 07/15/2014 |
| z (OCLC) | Sirsi |
| 994 ## - | |
| -- | 02 |
| -- | WACOL |
| 996 ## - | |
| -- | 110552 |
| -- | 34301001613969 |
| -- | DVD |
| -- | DVD |
| -- | wcl |
| -- | i |
| -- | 43 |
| -- | 15.95 |
| -- | amazon |
| -- | Rob |
| -- | 07/15/2014 |
| -- | 10/02/2019 |
| -- | 09/30/2019 |
| Withdrawn status | Lost status | Source of classification or shelving scheme | Damaged status | Not for loan | Collection code | Home library | Current library | Shelving location | Date acquired | Source of acquisition | Cost, normal purchase price | Total Checkouts | Total Renewals | Full call number | Barcode | Date last seen | Date checked out | Cost, replacement price | Price effective from | Koha item type |
|---|---|---|---|---|---|---|---|---|---|---|---|---|---|---|---|---|---|---|---|---|
| Dewey Decimal Classification | Movies | Wasatch County Library | Wasatch County Library | Audio Visual Area | 07/15/2014 | Amazon | 15.95 | 66 | 34 | DVD Rob | 34301001613969 | 12/01/2025 | 11/26/2025 | 15.95 | 03/20/2020 | DVD |
